000 005460000a22001810004500
003 MACL
005 20160413132512.0
008 160413b xxu||||| |||| 00| 0 eng d
040 _aMACL
_cMACL
041 _aHindi
082 _a100
100 _aतिलक लोकमान्‍य बालगंगाधर
_952178
245 _aगीता-रहस्‍य
_b1
260 _bशारदा प्रकाशन
_c2006
_aनई दिल्‍ली
350 _a400
650 _aPhilisophy
_952180
942 _cHIN
_k100
_2ddc
999 _c10525
_d10525